000 01677aam a2200313 i 4500
001 768714001
003 CO-MdFUSB
005 20250515150550.0
007 ta
008 200810r1980 pr a|||| |||| 00| 0 spa d
020 _a[No incluye ISBN]
040 _bspa.
_aCO-MdFUSB
_cCO-MdFUSB
_dCO-MdFUSBC
_erda
041 _aspa
_heng
082 0 4 _223
_a248.11
_b E588n
100 1 _aEngstrom, Ted W. (Theodore Wilhelm ) (1916-)
_eautor
240 _aThe making of a Christian leader
245 1 0 _aUn líder no nace, se hace :
_bel liderazgo dinámico y eficaz es la clave para el crecimiento y el éxito de cualquier organización, incluyendo la iglesia cristiana.
_c/ Ted W. Engstrom
264 1 _aPuerto Rico :
_bBetania,
_c[1980]
264 4 _c© 1980
300 _a256 Páginas
_c; 21 cm
336 _atexto
_btxt
_2rdacontent
337 _2rdamedia
_asin mediación
_bn
338 _2rdacarrier
_avolumen
_bnc
505 _a¿Qué es el liderato? -- El Antiguo Testamento y el liderato. -- Cristo y el liderato en los evangelios. -- Las epístolas del Nuevo Testamento y el liderato. -- La administración es un don. -- Los límites del liderato. -- Estilos de liderato. -- La personalidad del líder. -- El precio del liderato. -- Las medidas del liderato. -- Rasgos personales en el liderato. -- El desarrollo de las habilidades para el liderato. -- La motivación y el liderato. -- Las principales tareas de los líderes. -- El líder tiene que controlar efectivamente la operación. -- Principios para un excelente liderato. -- Características del líder cristiano.
563 _aRústico
650 0 _aLiderazgo
_92014
942 _cBK
945 _aJTF-925
999 _c35859
_d35859